<?xml version="1.0" encoding="UTF-8"?>
<record
    xmlns:xsi="http://www.w3.org/2001/XMLSchema-instance"
    xsi:schemaLocation="http://www.loc.gov/MARC21/slim http://www.loc.gov/standards/marcxml/schema/MARC21slim.xsd"
    xmlns="http://www.loc.gov/MARC21/slim">

  <leader>01853nam a2200277 i 4500</leader>
  <controlfield tag="003">DO-SdBNP</controlfield>
  <controlfield tag="005">20230502100201.0</controlfield>
  <controlfield tag="006">a||||gr|||| 00| 0 </controlfield>
  <controlfield tag="007">ta</controlfield>
  <controlfield tag="008">230420e1926    dr  |||gr|||| 001 e eng d</controlfield>
  <datafield tag="040" ind1=" " ind2=" ">
    <subfield code="a">DO-SdBNP</subfield>
    <subfield code="b">spa</subfield>
    <subfield code="c">BNPHU</subfield>
    <subfield code="e">rda</subfield>
  </datafield>
  <datafield tag="041" ind1="0" ind2="7">
    <subfield code="h">eng</subfield>
  </datafield>
  <datafield tag="082" ind1=" " ind2="4">
    <subfield code="2">22</subfield>
    <subfield code="b">S237d</subfield>
  </datafield>
  <datafield tag="245" ind1=" " ind2=" ">
    <subfield code="a">Santo Domingo--Dominican Republic (in the west indies) 1905 to 1925 :</subfield>
    <subfield code="b">its commerce, shiping, customs procedure, port facilities and other information of interest to merchants, shipperes, captains of vessels. /</subfield>
    <subfield code="c">compilado por: Walter M. St. Elmo.</subfield>
  </datafield>
  <datafield tag="264" ind1="3" ind2="3">
    <subfield code="a">Santo Domingo :</subfield>
    <subfield code="b">J. R. Vda. Garc&#xED;a,</subfield>
    <subfield code="c">1926</subfield>
  </datafield>
  <datafield tag="300" ind1=" " ind2=" ">
    <subfield code="a">175 p&#xE1;ginas ;</subfield>
    <subfield code="c">23 cm.</subfield>
  </datafield>
  <datafield tag="336" ind1=" " ind2=" ">
    <subfield code="2">rdaconten</subfield>
    <subfield code="a">texto</subfield>
    <subfield code="b">txt</subfield>
  </datafield>
  <datafield tag="337" ind1=" " ind2=" ">
    <subfield code="2">rdamedia</subfield>
    <subfield code="a">sin medici&#xF3;n</subfield>
    <subfield code="b">n</subfield>
  </datafield>
  <datafield tag="338" ind1=" " ind2=" ">
    <subfield code="2">rdacarrier</subfield>
    <subfield code="a">volumen</subfield>
    <subfield code="b">nc</subfield>
  </datafield>
  <datafield tag="500" ind1=" " ind2=" ">
    <subfield code="a">Having commercial relations whit, or interest in the Domincan Republic, and to those seeking new fields, whether for trade, investment or travel in the west indies. offered as little commercial-industrial propaganda.
A helpful "boost" containing many brief item of dependable inflrmation concernieng the "country whitz a </subfield>
  </datafield>
  <datafield tag="500" ind1=" " ind2=" ">
    <subfield code="a">Incluye &#xED;ndice, p&#xE1;gina 169 - 175</subfield>
  </datafield>
  <datafield tag="505" ind1=" " ind2=" ">
    <subfield code="t">Opportunities of investment.--</subfield>
    <subfield code="t">Industrial Possibilties.--</subfield>
    <subfield code="t">Historical points of interest.--</subfield>
    <subfield code="t">Columbus memorial.--</subfield>
    <subfield code="t">Highways and railways.--</subfield>
    <subfield code="t">Public improvements.--</subfield>
    <subfield code="t">Entry porsta and whartf facilities.--</subfield>
    <subfield code="t">Steamship lines.--</subfield>
    <subfield code="t">General information.--</subfield>
    <subfield code="t">Hains for shippers and importers.--</subfield>
    <subfield code="t">Hinst for shippers and importers.--</subfield>
    <subfield code="t">Hinst for captains of vessels.--</subfield>
    <subfield code="t">Texes affecting imports and exports.--</subfield>
    <subfield code="t">Foreign debt.--</subfield>
    <subfield code="t">Statistical tables.--</subfield>
    <subfield code="t">Trade balances-imports- exports.--</subfield>
    <subfield code="t">Exports, 1905 to 1925.--</subfield>
    <subfield code="t">Indez to exports.--</subfield>
    <subfield code="t">Imports, 1905 to 1925.--</subfield>
    <subfield code="t">Index to imports. </subfield>
  </datafield>
  <datafield tag="590" ind1=" " ind2=" ">
    <subfield code="a">Inventariado 2023 / MF</subfield>
  </datafield>
  <datafield tag="700" ind1=" " ind2=" ">
    <subfield code="a">Walter M. St. Elmo.</subfield>
    <subfield code="9">83292</subfield>
  </datafield>
  <datafield tag="942" ind1=" " ind2=" ">
    <subfield code="2">ddc</subfield>
    <subfield code="c">LBS1</subfield>
  </datafield>
  <datafield tag="952" ind1=" " ind2=" ">
    <subfield code="0">0</subfield>
    <subfield code="1">0</subfield>
    <subfield code="2">ddc</subfield>
    <subfield code="5">1</subfield>
    <subfield code="7">0</subfield>
    <subfield code="8">PD-RV</subfield>
    <subfield code="a">BNPHU</subfield>
    <subfield code="b">BNPHU</subfield>
    <subfield code="c">CT</subfield>
    <subfield code="d">2023-04-20</subfield>
    <subfield code="l">0</subfield>
    <subfield code="o">S237d</subfield>
    <subfield code="p">2023-1459</subfield>
    <subfield code="r">2023-04-20</subfield>
    <subfield code="w">2023-04-20</subfield>
    <subfield code="y">LBS1</subfield>
  </datafield>
  <datafield tag="999" ind1=" " ind2=" ">
    <subfield code="c">53320</subfield>
    <subfield code="d">53320</subfield>
  </datafield>
</record>
